000 00529cam a22002055a 4500
001 L158576
008 150506s2014 xxk f 000 0 eng d
020 _a9781859465493
035 _a(Sirsi) u158576
041 0 _aeng
050 0 4 _a711
100 1 _aOstime, Nigel
245 0 0 _aSmall projects handbook
260 _aNewcastle
_bRIBA
_c2014
520 _aDesigned as a project handbook for smaller architectural practices
521 _aAdvanced
651 4 _aENGLAND AND WALES
690 _aARCHITECTURE
942 _n0
999 _c115394
_d115394